UEFA Euro 2020 Quiz - Statistics

General Stats
  • This quiz has been taken 741 times
  • The average score is 18 of 20
Answer Stats
Group Answer % Correct
Group D England
97%
Group A Italy
97%
Group F Portugal
95%
Group F France
94%
Group E Spain
94%
Group F Germany
93%
Group E Sweden
90%
Group B Belgium
89%
Group D Croatia
88%
Group B Denmark
88%
Group A Switzerland
88%
Group C Netherlands
87%
Group B Russia
85%
Group C Ukraine
84%
Group E Poland
83%
Group A Turkey
83%
Group A Wales
82%
Group C Austria
80%
Group D Czech Republic
76%
Group B Finland
76%
No matching quizzes found
Score Distribution
Percent of People with Each Score
Percentile by Number Answered
Your Score History
You have not taken this quiz